[Event "ESP-chT Div Honor 2018"]
[Site "Linares"]
[Date "2018.08.06"]
[Round "1"]
[White "Ubilava, Elizbar"]
[Black "Cornette, Deimante"]
[Result "1-0"]
[WhiteElo "2485"]
[BlackElo "2463"]
[Annotator "TA"]
[PlyCount "129"]
[EventDate "2018.08.06"]
[EventType "team-tourn"]
[EventCountry "ESP"]
[SourceTitle "playchess.com"]
[Source "ChessBase"]
[SourceQuality "1"]

{[%evp 24,129,0,0,0,0,0,0,0,0,0,0,0,0,9,0,0,0,31,29,29,-11,-13,0,18,19,27,22,24,30,28,24,30,29,43,7,8,0,16,19,24,25,24,10,12,6,24,12,31,31,32,24,43,24,25,0,26,6,6,0,0,0,8,0,34,5,5,5,10,10,10,10,10,10,26,20,437,432,425,212,482,422,1367,1190,5610,5214,5293,2987,29971,29972,29949,5120,5118,4698,5065,5073,29976,29977,29975,29976,29980,29981,29982,29983,29983,29984,29983,29984]} 1. Nf3 d5 2. g3 Nf6 3. Bg2 c5 4. O-O Nc6 5. d3 e6 6. Nbd2 g6 7. e4 Bg7 8. c3 O-O 9. Re1 a5 10. a4 {A08: King's Indian Attack} b6 11. exd5 (11. Nb1 Ba6 12. e5 Nd7 13. Bf4 f6 14. exf6 Qxf6 15. Qd2 e5 16. Bg5 Qxf3 17. Bxf3 Rxf3 {1-0 (34) Amin,B (2661)-Grandelius,N (2641) Baku 2016}) 11... exd5 12. Nf1 Ba6 13. Bf4 {LiveBook: 4 Games} Nh5 14. Bg5 Qd7 15. d4 cxd4 16. Nxd4 Nxd4 17. cxd4 h6 18. Be3 $146 Nf6 19. Nd2 Rfe8 20. Nf3 Qd6 21. Ne5 Qb4 22. Nd3 Bxd3 23. Qxd3 Ne4 24. Qa3 Qxa3 25. Rxa3 Bf8 26. Raa1 Rac8 27. Rec1 Bg7 28. b3 h5 29. Kf1 f5 30. Ke2 Kf7 31. Kd3 Ke6 32. f3 Nd6 33. Bf4 Kd7 34. Bf1 (34. Bg5 {with more complications.} Nf7 35. Bd2 Nd6 36. h3 Bf6 37. Rab1) 34... Bf6 35. Rxc8 Nxc8 36. Rc1 {Black must now prevent Rc7+.} Nd6 37. h4 Bg7 38. Bh3 Bf6 39. Rg1 Re7 40. Be3 Re8 41. Bf2 Rh8 42. Be3 Re8 43. Bd2 Re7 44. Re1 Rxe1 45. Bxe1 $11 {[%mdl 4096] Endgame KBB-KBN} Ke6 46. g4 hxg4 47. fxg4 fxg4 48. Bxg4+ Ke7 49. Ke3 Nf5+ $2 {[%mdl 8192] [#]} (49... b5 $11 {and Black has nothing to worry.}) 50. Bxf5 $1 $18 gxf5 {KB-KB} 51. Kf4 (51. Bg3 $142 f4+ 52. Bxf4 (52. Kxf4 Bxd4 53. Kf5 Bc5 $16)) 51... Bxd4 $2 (51... Ke6 52. Bf2 Bg7) 52. Kxf5 Be3 (52... Kd6 $142 53. Bg3+ Kc5) 53. h5 d4 54. Ke4 Kd6 55. Kd3 Kc5 56. Bd2 Bf2 57. Bg5 Bg3 58. Be7+ Kc6 59. Kxd4 Bf4 60. Ke4 {White mates.} Bh6 61. Kf5 b5 62. Kg6 Bd2 63. Bg5 Bc3 64. h6 bxa4 65. bxa4 {Precision: White = 57%, Black = 45%.} 1-0

[Event "ESP-chT Div Honor 2018"]
[Site "Linares"]
[Date "2018.08.06"]
[Round "1"]
[White "Ramiro Ovejero, Juan Luis"]
[Black "Lopez Martinez, Josep Manuel"]
[Result "1/2-1/2"]
[WhiteElo "2382"]
[BlackElo "2585"]
[Annotator "TA"]
[PlyCount "133"]
[EventDate "2018.08.06"]
[EventType "team-tourn"]
[EventCountry "ESP"]
[SourceTitle "playchess.com"]
[Source "ChessBase"]
[SourceQuality "1"]

{[%evp 28,133,64,67,72,66,138,116,115,128,148,118,159,120,110,108,109,104,112,31,34,35,28,27,29,27,27,27,28,27,45,27,26,16,29,6,18,6,18,13,20,8,8,6,2,-1,-1,-6,0,-5,-7,-11,-10,-12,-11,-18,0,-20,0,0,0,0,0,0,0,0,0,0,0,0,0,0,0,0,0,0,0,0,0,-12,-12,-12,-12,-12,-12,-12,-12,-13,-8,-11,0,0,0,0,0,0,0,0,0,0,0,0,0,0,0,0,0,0]} 1. e4 e5 2. Nf3 Nc6 3. Bb5 a6 4. Ba4 Nf6 5. O-O Be7 6. Re1 b5 7. Bb3 d6 8. c3 O-O 9. h3 Nb8 10. d4 Nbd7 11. Nbd2 c5 12. Nf1 {C95: Closed Ruy Lopez: Breyer Variation with 10 d4} Bb7 (12... Re8 13. Ng3 Bf8 14. Nf5 exd4 15. cxd4 Bb7 16. e5 dxe5 17. dxe5 Bxf3 18. Qxf3 Nxe5 19. Rxe5 Rxe5 {½-½ (37) Navara,D (2737)-Ponomariov,R (2709) Czech Republic 2017}) 13. Ng3 exd4 14. cxd4 cxd4 15. Nxd4 {LiveBook: 4 Games} Re8 {[#]} 16. Ndf5 $1 d5 $146 (16... Bf8 $1 $14) ({Predecessor:} 16... Nc5 17. Bc2 Bf8 18. f3 Rc8 19. b4 Ncd7 {1-0 (39) Rodriguez Lopez,R (2245)-Panelo Munoz,M (2388) Port de Pollenca 2016}) 17. exd5 Bf8 18. Rxe8 Qxe8 19. Be3 g6 20. Nh6+ Bxh6 21. Bxh6 Qe5 22. Qd2 {Strongly threatening Re1.} Nc5 {[#]} 23. Bf4 (23. d6 $1 $16) 23... Nxb3 $14 24. Bxe5 Nxd2 25. Bxf6 Bxd5 26. f3 {Hoping for Rd1.} Nc4 27. b3 Nb6 28. Rd1 Rc8 29. Ne4 Kf8 30. Nc3 Bc6 31. Kf2 Nd7 {The position is equal.} 32. Bd4 f6 33. Rd2 Ke7 34. Re2+ Kf7 35. h4 (35. Rc2 {keeps more tension.} Bb7 36. Rd2 Nf8 37. Ne2 Rd8 38. Be3) 35... Nf8 36. Ne4 Bxe4 $1 37. fxe4 $11 {[%mdl 4096] Endgame KRB-KRN} h5 38. Be3 Nd7 39. Bf4 Ke6 40. Rd2 Ne5 41. Ke2 Rc3 42. Rd8 Rc2+ 43. Rd2 Rc8 44. Rd5 Nf7 45. Kd2 g5 46. hxg5 fxg5 47. Bxg5 Rg8 48. Bh4 Rxg2+ 49. Kc3 Ne5 {With the idea ...Rg4.} 50. Bd8 Re2 51. Bc7 Rxe4 52. Rd6+ Kf5 53. Rxa6 b4+ 54. Kd2 h4 55. a4 bxa3 56. Rxa3 h3 57. Ra8 Ng6 58. Kd3 Nf4+ 59. Bxf4 Rxf4 {KR-KR} 60. Ke3 {aiming for Rf8+.} Rh4 61. Ra5+ Ke6 62. Ra6+ Kd5 {And now ...h2 would win.} 63. Ra5+ Kd6 64. Ra6+ Kc5 {White must now prevent ...h2.} 65. Ra5+ Kb6 66. Ra1 h2 67. Rh1 {Precision: White = 68%, Black = 60%.} 1/2-1/2

[Event "ESP-chT Div Honor 2018"]
[Site "Linares"]
[Date "2018.08.09"]
[Round "4"]
[White "Harikrishna, P."]
[Black "Kokarev, Dmitry"]
[Result "1-0"]
[WhiteElo "2739"]
[BlackElo "2608"]
[Annotator "TA"]
[PlyCount "103"]
[EventDate "2018.08.06"]
[EventType "team-tourn"]
[EventCountry "ESP"]
[SourceTitle "playchess.com"]
[Source "ChessBase"]
[SourceQuality "1"]

{[%evp 15,103,15,20,25,37,34,38,35,44,48,61,27,29,30,63,35,33,30,29,24,55,57,46,63,81,83,73,54,61,58,75,75,70,54,41,49,54,60,54,58,67,61,59,60,68,43,39,40,52,46,99,93,94,91,105,77,102,98,87,43,69,45,66,69,97,104,216,224,310,327,313,266,266,253,258,264,264,264,258,256,263,256,258,252,237,243,383,383,312,214]} 1. e4 c5 2. Nf3 d6 3. d4 Nf6 4. Nc3 cxd4 5. Nxd4 a6 6. h3 e5 7. Nde2 b5 8. Ng3 {B90: Sicilian Najdorf: Unusual White 6th moves, 6 Be3 Ng4 and 6 Be3 e5} Qc7 {LiveBook: 5 Games} 9. Bd3 g6 10. Bg5 {White is slightly better.} Nbd7 11. O-O Bg7 12. a4 $146 ({Predecessor:} 12. Re1 O-O 13. Nf1 b4 14. Nb1 Bb7 15. Nbd2 d5 {0-1 (74) Motylev,A (2663)-Sarana,A (2457) Tallinn 2016}) 12... bxa4 13. Rxa4 O-O 14. Qd2 Bb7 15. Ra3 Nc5 16. Bxf6 Bxf6 17. Bc4 Ne6 18. Nd5 Bxd5 $1 19. Bxd5 Ra7 20. Rfa1 Qb6 21. Rb3 Qc7 22. Ne2 Rb8 23. Rc3 Qd7 24. Ra2 Bg5 25. Qd1 Bd8 26. Rd3 Nc5 27. Rf3 Ne6 28. Nc3 a5 29. b3 Kg7 30. Bxe6 fxe6 31. Rd3 Ra6 32. Na4 {[#] Threatens to win with Nc5!} Bb6 (32... Qc6 $14) 33. Nxb6 $16 Rbxb6 34. c4 Rc6 35. Qd2 Qa7 36. h4 h6 37. Qc3 Qc5 38. Rd1 Rcb6 39. Qh3 Qc8 40. Rda1 Qc5 (40... Qb7 $16) 41. Qxe6 $18 Ra7 42. h5 gxh5 43. Rd1 Qc7 44. Rd3 {[#] Threatening mate with Rg3+.} Qf7 45. Rg3+ Kh7 46. Qxf7+ Rxf7 47. Rxa5 {KRR-KRR} Rfb7 48. Rd3 Rxb3 49. Rxd6 Rb1+ 50. Kh2 Rf7 (50... R1b2 {keeps fighting.} 51. Rxe5 Rxf2 52. Rxh5 Rc2 53. Rdxh6+ Kg7) 51. Rxe5 Rxf2 52. Rxh5 {Precision: White = 80%, Black = 43%.} 1-0

[Event "ESP-chT Div Honor 2018"]
[Site "Linares"]
[Date "2018.08.09"]
[Round "4"]
[White "Vitiugov, Nikita"]
[Black "Navara, David"]
[Result "1/2-1/2"]
[WhiteElo "2730"]
[BlackElo "2741"]
[Annotator "TA"]
[PlyCount "120"]
[EventDate "2018.08.06"]
[EventType "team-tourn"]
[EventCountry "ESP"]
[SourceTitle "playchess.com"]
[Source "ChessBase"]
[SourceQuality "1"]

{[%evp 24,120,0,-17,-17,-27,0,0,0,0,0,0,0,0,-6,-9,-8,-4,0,0,0,0,4,6,16,18,20,19,18,18,27,26,19,16,16,2,8,8,2,2,4,2,8,8,8,8,8,8,89,89,89,89,89,89,89,89,89,89,89,89,89,89,121,24,89,89,89,89,89,24,14,8,15,8,8,8,8,8,8,8,8,8,8,8,8,8,8,8,8,8,8,0,8,8,8,8,8,0,8]} 1. d4 Nf6 2. c4 e6 3. g3 d5 4. Bg2 Be7 5. Nf3 O-O 6. O-O dxc4 7. Qc2 a6 8. a4 Bd7 9. Rd1 {E05: Open Catalan: 5 Nf3 Be7} Bc6 10. Bg5 b5 11. Bxf6 Bxf6 12. Nc3 Qe8 13. e4 {LiveBook: 3 Games} g6 14. h4 Nd7 (14... Bg7 {is interesting.} 15. d5 Bb7 16. h5 exd5 17. Nxd5 Bxd5 18. exd5 Nd7) 15. axb5 axb5 {Threatening ...b4.} 16. Rxa8 Qxa8 {[#]} 17. d5 $146 exd5 18. exd5 Bb7 {...b4 is the strong threat.} 19. Nxb5 Qa5 20. Nc3 Bxc3 21. Qxc3 Qxc3 22. bxc3 Nb6 23. Ne5 Re8 24. Ng4 {aiming for d6.} Kg7 25. h5 gxh5 26. Ne3 Rd8 27. Rd4 Ba6 28. Bf1 Bb5 29. d6 cxd6 30. Nf5+ Kf8 31. Nxd6 Ba6 32. Be2 Na4 33. Nxc4 Rxd4 34. cxd4 $11 {[%cal Bc3d4,Bd4d5,Bd5d6,Bd6d7][%mdl 4128] Endgame KBN-KBN} Nc3 35. Bf1 Bxc4 (35... Ke7 $11 {remains equal.}) 36. Bxc4 {KB-KN} Ne4 37. Bd3 Nd6 38. Bxh7 Nb5 39. d5 Nc3 40. d6 Nb5 41. d7 Ke7 42. Bc2 Nc3 43. Bb3 ({Better is} 43. Kh2 $16) 43... f6 {[#]} (43... f5 $1 $11) 44. Be6 $1 $16 {[%mdl 512]} Ne2+ (44... Kxe6 45. d8=Q) 45. Kf1 Nd4 {[#]} 46. Bh3 ({White should play} 46. d8=R $1 $16 {[%mdl 512]} Kxd8 47. Bf7) 46... f5 $1 $11 47. Ke1 {The position is equal.} Kxd7 48. Kd2 {And now Ke3 would win.} h4 49. Ke3 hxg3 50. fxg3 Nc6 51. Kf4 Ke6 52. Bxf5+ Kf6 53. g4 {[%cal Bg3g4,Bg4g5][%mdl 32]} Nd4 54. g5+ Kg7 55. Bd7 Kg6 56. Kg4 Kg7 57. Kf4 Kg6 58. Be8+ Kg7 59. Ke5 Nf3+ 60. Kf4 Nxg5 {Precision: White = 71%, Black = 68%.} 1/2-1/2

[Event "ESP-chT Div Honor 2018"]
[Site "Linares"]
[Date "2018.08.09"]
[Round "4"]
[White "Kryvoruchko, Yuriy"]
[Black "Banusz, Tamas"]
[Result "1/2-1/2"]
[WhiteElo "2711"]
[BlackElo "2612"]
[Annotator "TA"]
[PlyCount "31"]
[EventDate "2018.08.06"]
[EventType "team-tourn"]
[EventCountry "ESP"]
[SourceTitle "playchess.com"]
[Source "ChessBase"]
[SourceQuality "1"]

{[%evp 21,31,0,0,0,0,0,0,0,0,0,0,0]} 1. e4 e5 2. Nf3 Nf6 3. Nxe5 d6 4. Nf3 Nxe4 5. Nc3 Nxc3 6. dxc3 Be7 7. Be3 O-O 8. Qd2 Nd7 9. O-O-O c6 10. Bd3 d5 11. h4 {C42: Petroff Defence: 3 Nxe5 and unusual White 3rd moves} Nc5 {LiveBook: 3 Games. The position is equal.} 12. Ng5 $146 ({Predecessor:} 12. Bg5 h6 13. Bxe7 Qxe7 14. Rde1 Qf6 15. Ne5 Re8 16. f4 h5 17. Be2 Ne4 18. Qe3 Qh6 {1-0 (35) Saric,I (2669)-Volokitin,A (2628) Riadh 2017}) 12... h6 13. Bh7+ Kh8 14. Bd3 Kg8 15. Bh7+ Kh8 16. Bd3 1/2-1/2

[Event "ESP-chT Div Honor 2018"]
[Site "Linares"]
[Date "2018.08.09"]
[Round "4"]
[White "Leko, Peter"]
[Black "Oparin, Grigoriy"]
[Result "1/2-1/2"]
[WhiteElo "2691"]
[BlackElo "2609"]
[Annotator "TA"]
[PlyCount "67"]
[EventDate "2018.08.06"]
[EventType "team-tourn"]
[EventCountry "ESP"]
[SourceTitle "playchess.com"]
[Source "ChessBase"]
[SourceQuality "1"]

{[%evp 38,67,25,16,45,45,35,27,31,25,33,6,14,16,26,34,28,34,21,23,26,0,0,0,0,0,0,0,0,0,0,0]} 1. e4 e5 2. Nf3 Nc6 3. Bb5 a6 4. Ba4 Nf6 5. O-O Be7 6. Re1 b5 7. Bb3 d6 8. c3 O-O 9. h3 Nb8 10. d4 Nbd7 11. Nbd2 Bb7 12. Bc2 Re8 13. Nf1 Bf8 14. Ng3 g6 15. Bg5 h6 16. Bd2 Bg7 17. Qc1 Kh7 {C95: Closed Ruy Lopez: Breyer Variation with 10 d4} 18. a4 Nb6 19. axb5 (19. b3 bxa4 20. bxa4 a5 21. dxe5 dxe5 22. Bb3 Qe7 23. Be3 Nfd7 24. h4 Ba6 25. h5 {1-0 (59) Yu,Y (2738)-Piorun,K (2651) Caleta 2017}) 19... axb5 20. Rxa8 {[#] LiveBook: 3 Games} Bxa8 $146 ({Predecessor:} 20... Qxa8 21. dxe5 dxe5 22. b3 Nc8 23. Be3 Nxe4 24. Nxe4 Bxe4 25. Bxe4 Qxe4 26. Bxh6 Bxh6 27. Qxh6+ Kxh6 28. Rxe4 {½-½ (41) Jarmula,L (2467)-Halkias,S (2583) Germany 2017}) 21. b3 Nbd7 22. Bd3 c6 23. Qc2 Bb7 24. Be3 (24. Rd1 {is more complex.} Kg8 25. b4 h5 26. Be3 Qa8 27. Qb2) 24... d5 25. dxe5 dxe4 26. Nxe4 Nxe4 27. Bxe4 Nxe5 28. Nxe5 Rxe5 29. c4 Qe7 {The position is equal.} 30. Bf3 c5 31. Bxb7 Qxb7 32. Rc1 bxc4 33. bxc4 Qe7 34. Rd1 {Precision: White = 66%, Black = 100%.} 1/2-1/2

[Event "ESP-chT Div Honor 2018"]
[Site "Linares"]
[Date "2018.08.09"]
[Round "4"]
[White "Ponomariov, Ruslan"]
[Black "Rodshtein, Maxim"]
[Result "1/2-1/2"]
[WhiteElo "2686"]
[BlackElo "2678"]
[Annotator "TA"]
[PlyCount "60"]
[EventDate "2018.08.06"]
[EventType "team-tourn"]
[EventCountry "ESP"]
[SourceTitle "playchess.com"]
[Source "ChessBase"]
[SourceQuality "1"]

{[%evp 21,60,10,39,16,28,0,0,0,54,54,59,35,60,27,76,45,56,38,49,22,33,12,38,0,0,0,41,0,0,0,51,0,0,0,60,0,0,0,45,0,0]} 1. e4 e5 2. Nf3 Nc6 3. Bc4 Bc5 4. O-O Nf6 5. d3 d6 6. c3 O-O 7. Bg5 h6 8. Bh4 a6 9. Bb3 g5 10. Bg3 Ba7 {C54: Giuoco Piano: 4 c3 Nf6, main lines with 5 d4 and 5 d3} 11. Nbd2 {[%cal Bb1d2,Bd2c4,Bc4e3,Be3f5][%mdl 32]} Kg7 {LiveBook: 3 Games} 12. Nc4 Ne7 (12... Be6 13. Ne3 Bxe3 14. fxe3 Bxb3 15. axb3 Qd7 16. Qe2 Qg4 17. Be1 Ne7 18. c4 {1-0 (62) Savchenko,B (2566)-Karjakin,S (2760) Riadh 2017}) 13. Re1 $146 ({Predecessor:} 13. Kh1 Ng6 14. Ne1 h5 15. f3 b5 16. Nd2 {0-1 (35) Yankovsky,R (2474)-Khachiyan,M (2479) Anaheim 2012}) 13... Nh5 14. d4 f6 (14... f5 $11) 15. Ne3 $14 Qe8 16. Qd3 Bd7 17. Rad1 {[%cal Rd4e5]} Ng6 18. Nf5+ Kh7 19. Nd2 Ngf4 20. Bxf4 Nxf4 21. Qf3 Qg6 22. Ne7 Qg7 23. Nf5 Qg6 24. Ne7 Qg7 25. Nf5 $36 {[%mdl 2048] Black is under pressure.} Qg6 26. Ne7 Qg7 27. Nf5 Qg6 28. Ne7 Qg7 29. Nf5 Qg6 30. Ne7 Qg7 {Precision: White = 22%, Black = 64%.} 1/2-1/2

[Event "ESP-chT Div Honor 2018"]
[Site "Linares"]
[Date "2018.08.09"]
[Round "4"]
[White "Jones, Gawain C B"]
[Black "Anton Guijarro, David"]
[Result "1/2-1/2"]
[WhiteElo "2666"]
[BlackElo "2652"]
[Annotator "TA"]
[PlyCount "108"]
[EventDate "2018.08.06"]
[EventType "team-tourn"]
[EventCountry "ESP"]
[SourceTitle "playchess.com"]
[Source "ChessBase"]
[SourceQuality "1"]

{[%evp 29,108,0,0,-33,-37,-41,-35,-51,-52,-49,-45,-50,-57,-72,-75,-79,-69,-87,-47,-36,-36,-43,-64,-122,-118,-126,-122,-112,-127,-98,-112,-126,-90,-126,-131,-116,-126,-104,-57,-59,-59,-125,-122,-124,-54,-69,-8,-8,-8,-8,-8,-184,-8,-8,-8,-8,0,0,0,0,0,0,0,0,8,8,8,0,0,0,0,0,0,0,0,0,0,0,0,0,0]} 1. e4 e5 2. Nf3 Nc6 3. Bb5 {[%cal Bf1b5,Bb5a4,Ba4b3][%mdl 32]} a6 4. Ba4 Nf6 5. O-O Nxe4 6. d4 b5 7. Bb3 d5 8. dxe5 Be6 9. Qe2 Nc5 10. Rd1 Nxb3 11. axb3 Be7 12. c4 b4 {C81: Open Ruy Lopez: Keres Variation (9 Qe2)} 13. cxd5 Bxd5 14. Qd3 Be4 15. Qe2 Bd5 {LiveBook: 5 Games} 16. Rxa6 Rxa6 17. Qxa6 O-O 18. Qb5 Bc4 $1 19. Rxd8 Bxb5 20. Rxf8+ $146 ({Predecessor:} 20. Rd5 Rd8 21. Rxd8+ Bxd8 22. Be3 {½-½ (37) Unzicker,W-Blau,M Travemuende 1950}) 20... Kxf8 21. Be3 Ke8 {[%mdl 1024] Black has strong compensation.} 22. Nbd2 Kd7 23. Ne4 Ke6 24. Neg5+ Kd5 25. Nxf7 h6 26. h4 (26. Nh8 $15 Bd3 27. Ne1) 26... Be2 $17 27. h5 Bxf3 28. gxf3 {[%mdl 4096] Endgame KBN-KBN} Ke6 29. Nh8 Nxe5 30. Kf1 Bf6 31. Ke2 Kd5 32. f4 {[#]} Nc6 $1 33. Kd3 Bxb2 34. Ng6 Bc3 35. f5 ({White should play} 35. Nf8 $15) 35... Ne5+ 36. Ke2 Nd7 (36... Ke4 $17 37. Ne7 Nf3) 37. Bf4 $15 Nc5 ({Black should try} 37... c6 $15) 38. Ne7+ $11 Ke4 39. Bxc7 {[#] Black must now prevent f3+.} Nxb3 40. f3+ Kd4 {aiming for ...Kc4.} 41. f6 $1 {[%cal Rf6g7] The position is equal.} gxf6 {White should prevent ...Kc4.} 42. Bf4 Kc4 {Strongly threatening ...Nd4+.} 43. Nf5 Nd4+ 44. Nxd4 Kxd4 45. Bxh6 {KB-KB} b3 46. Kd1 $1 Kd3 {( -> ...b2)} 47. Kc1 f5 48. Kb1 Ke2 49. Bc1 Bg7 50. h6 Bxh6 $1 51. Bxh6 {f4 is the strong threat.} Kxf3 52. Kb2 f4 53. Bxf4 Kxf4 54. Kxb3 Ke5 {Precision: White = 67%, Black = 74%.} 1/2-1/2

[Event "ESP-chT Div Honor 2018"]
[Site "Linares"]
[Date "2018.08.09"]
[Round "4"]
[White "Rakhmanov, Aleksandr"]
[Black "Perez Candelario, Manuel"]
[Result "1/2-1/2"]
[WhiteElo "2629"]
[BlackElo "2611"]
[Annotator "TA"]
[PlyCount "165"]
[EventDate "2018.08.06"]
[EventType "team-tourn"]
[EventCountry "ESP"]
[SourceTitle "playchess.com"]
[Source "ChessBase"]
[SourceQuality "1"]

{[%evp 23,164,31,43,16,38,27,26,10,6,1,7,0,0,0,10,10,4,4,30,23,18,2,2,2,2,3,3,8,18,-32,-47,-53,-31,-100,-86,-95,-91,-99,-92,-91,-89,-145,-154,-176,-173,-160,-173,-194,-35,-43,-31,-49,154,-51,-43,-54,172,0,0,0,0,0,0,0,0,-31,-31,-31,-31,-31,-31,-31,0,0,0,0,0,0,0,0,0,0,0,0,0,0,0,0,0,0,0,0,0,0,0,0,0,0,0,0,0,0,0,0,0,0,0,0,0,0,0,0,0,0,0,0,0,0,0,0,0,0,0,0,0,0,0,0,0,0,0,0,0,0,0,0,0,0,0,0,0,0,0]} 1. d4 {Kramnik,V} Nf6 2. Nf3 g6 3. g3 Bg7 4. Bg2 O-O 5. O-O d6 6. b3 e5 7. dxe5 dxe5 8. Ba3 Qxd1 {A49: 1 d4 Nf6 2 Nf3 g6 3 g3: Anti-King's Indian systems} 9. Rxd1 Re8 10. c4 e4 11. Nd4 c6 12. Nc3 Na6 {LiveBook: 4 Games} 13. e3 {[#]} h5 $146 ({Predecessor:} 13... Bg4 14. Rd2 Rad8 15. h3 Bc8 16. Rad1 {1-0 (41) Kramnik,V (2808)-Vocaturo,D (2583) Baku 2016 CBM 175 [Kramnik,V]}) 14. h3 Nc7 15. Rd2 Ne6 16. Nxe6 Bxe6 17. Rad1 Bf5 18. Ne2 Nh7 19. Nd4 Bc8 20. b4 a6 21. Bb2 Ng5 22. Kh2 a5 23. b5 c5 24. Ne2 Be6 25. Bxg7 Kxg7 26. Nc3 Bxc4 27. Rd7 b6 $36 {[%mdl 2048] Black has the initiative.} 28. R1d6 (28. Kh1 $15) 28... Rab8 $17 29. a4 Bb3 30. Rc6 Nf3+ $1 31. Bxf3 exf3 32. h4 (32. g4 $142) 32... Rbd8 $1 {[%cal Rd8d7]} 33. Rxd8 Rxd8 34. Rxb6 {[%mdl 4096] Endgame [#] KRB-KRN} Rd2 $1 {[%cal Rd2f2]} 35. Ne4 Rc2 $2 (35... Rb2 $19 {aiming for ...Bd5.} 36. Kg1 Bxa4 37. Nxc5 Bxb5) 36. Rd6 $15 Bxa4 37. b6 {Threatening g4!} c4 $2 (37... Rb2 $1 $15 {keeps the upper hand.} 38. b7 Rxb7 39. Nxc5 Rb4) 38. g4 $2 (38. b7 $16 Rb2 39. Nc5 Rxf2+ 40. Kg1) 38... hxg4 {Hoping for ...f5.} 39. Kg3 {And now b7 would win.} Rc1 $2 {[#]} (39... Rb2 $15) 40. Nc5 $2 (40. b7 $1 $18 {[%cal Rb7b8]} Rg1+ 41. Kh2) 40... Rg1+ 41. Kf4 c3 {[%cal Bc4c3,Bc3c2][%mdl 32]} (41... g3 $5 42. b7 $8 gxf2 $11) 42. b7 $1 {[%cal Rb7b8]} ({Not} 42. Nxa4 $2 c2 $19) 42... Rb1 $1 43. Nxa4 $11 {KRN-KR} c2 $1 {[%cal Rc2c1]} 44. Rc6 Rxb7 {Threatens to win with ...Rb4+.} ({Avoid the trap} 44... c1=R $2 45. Rb6 $18) 45. Kxg4 Rb4+ 46. Kg3 Rxa4 47. Rxc2 $15 {KR-KR} Rb4 48. Rc5 {The position is equal.} a4 49. h5 a3 {...Ra4 is the strong threat.} 50. Ra5 gxh5 51. Rxa3 Kg6 52. Ra8 f5 53. Kxf3 Kg5 54. Rg8+ Kf6 55. Kg3 Re4 56. Rh8 Kg5 57. f4+ Kg6 58. Kf3 Re7 59. Ra8 h4 60. Ra6+ Kg7 61. Ra1 Re6 62. Rh1 Rh6 63. Kg2 Re6 64. Kf3 Rh6 65. Rh2 Kf7 66. Ra2 Rh8 67. Ra7+ Kf6 68. Ra6+ Kf7 69. Kg2 Re8 70. Kh3 Rxe3+ 71. Kxh4 Re6 72. Ra7+ Kg6 73. Ra8 Rf6 74. Rg8+ Kf7 75. Kg5 $1 Kxg8 76. Kxf6 Kf8 77. Kxf5 $11 {KP-K} Kf7 78. Kg5 {Kf5 would kill now.} Kg7 79. f5 {[%cal Bf4f5,Bf5f6,Bf6f7][%mdl 32]} Kf7 80. f6 Kf8 81. Kg6 {White threatens f7 and mate.} Kg8 82. f7+ Kf8 83. Kf6 $2 {[%mdl 8192] Precision: White = 60%, Black = 68%.} (83. Kg5 Kxf7) 1/2-1/2

[Event "ESP-chT Div Honor 2018"]
[Site "Linares"]
[Date "2018.08.09"]
[Round "4"]
[White "Antipov, Mikhail Al"]
[Black "Meier, Georg"]
[Result "1/2-1/2"]
[WhiteElo "2598"]
[BlackElo "2638"]
[Annotator "TA"]
[PlyCount "77"]
[EventDate "2018.08.06"]
[EventType "team-tourn"]
[EventCountry "ESP"]
[SourceTitle "playchess.com"]
[Source "ChessBase"]
[SourceQuality "1"]

{[%evp 26,77,10,17,39,4,3,0,21,21,29,40,32,32,33,31,40,33,43,37,44,30,48,32,34,32,33,36,66,68,77,77,77,77,77,68,77,55,85,85,89,51,89,56,56,56,56,69,70,0,0,0,0,0]} 1. e4 e6 2. d4 d5 3. Nc3 Nf6 4. e5 Nfd7 5. f4 c5 6. Nf3 Nc6 7. Be3 cxd4 8. Nxd4 Bc5 9. Qd2 Nxd4 10. Bxd4 Bxd4 11. Qxd4 Qb6 12. Qxb6 Nxb6 13. Nb5 Ke7 14. Nd4 {LiveBook: 10 Games. C11: French: Classical System: 4 e5 and 4 Bg5 dxe4} f6 15. exf6+ $146 ({Predecessor:} 15. O-O-O fxe5 16. fxe5 Bd7 17. Be2 {½-½ (17) Hiltunen,R (2457)-Kerr,S (2536) ICCF email 2008}) 15... gxf6 16. O-O-O Bd7 17. Bd3 e5 18. Nf5+ Bxf5 19. Bxf5 Kd6 20. Rhf1 Rag8 21. g3 h5 22. Rf3 Rg7 23. Be4 h4 {[#]} 24. Bxd5 $1 {[%mdl 512]} Nxd5 25. Rfd3 hxg3 26. hxg3 Kc7 27. Rxd5 Rxg3 28. fxe5 fxe5 29. Rxe5 $14 {[%mdl 4096] Endgame KRR-KRR} Rg7 30. a4 Rh6 31. a5 Rd6 32. Rf1 Rgd7 33. c4 Rd4 34. b3 Rd2 $1 35. Rc5+ Kd8 36. Rf8+ Ke7 37. Rb8 (37. Rcf5 $14) 37... Ra2 $11 38. Re5+ Kf6 39. Rbe8 {Precision: White = 58%, Black = 58%.} 1/2-1/2

[Event "ESP-chT Div Honor 2018"]
[Site "Linares"]
[Date "2018.08.09"]
[Round "4"]
[White "Baklan, Vladimir"]
[Black "Saric, Ivan"]
[Result "1/2-1/2"]
[WhiteElo "2596"]
[BlackElo "2690"]
[Annotator "TA"]
[PlyCount "17"]
[EventDate "2018.08.06"]
[EventType "team-tourn"]
[EventCountry "ESP"]
[SourceTitle "playchess.com"]
[Source "ChessBase"]
[SourceQuality "1"]

{[%evp 16,17,55,0]} 1. e4 c5 2. Nf3 d6 3. d4 cxd4 4. Nxd4 Nf6 5. Nc3 a6 6. Be3 $146 ({Predecessor:} 6. Be2 e5 7. Nb3 Be7 8. Be3 Be6 9. Nd5 Nbd7 10. Qd3 O-O 11. O-O Bxd5 12. exd5 Rc8 13. c4 Ne8 14. f3 g6 15. Kh1 Ng7 16. Bg1 Bg5 17. Rad1 h5 18. Nd2 f5 19. b4 h4 20. c5 dxc5 21. d6 cxb4 {1-0 (45) Karjakin,S (2782)-Grischuk,A (2766) Paris 2018}) 6... Ng4 7. Bc1 Nf6 8. Be3 Ng4 9. Bc1 {LiveBook: 988 Games} (9. Bg5 $14) 1/2-1/2